| 000 | 00349nam a2200145Ia 4500 | ||
|---|---|---|---|
| 008 | 221030s9999 xx 000 0 und d | ||
| 020 | _a8185749752 | ||
| 041 | _aEnglish | ||
| 100 | _aJ. B. Gupta | ||
| 245 | 0 |
_aElectronic Devices & Circuits _cby J. B. Gupta |
|
| 260 |
_bKatson _aNew Delhi _c2015 |
||
| 300 | _a1025 | ||
| 650 | _aECE | ||
| 942 | _cBK | ||
| 999 |
_c15833 _d15833 |
||